000 00307nam a2200121Ia 4500
008 190216s9999||||xx |||||||||||||| ||und||
100 _aMichael Oatey & Carl Payne
245 0 _aBasic Computer Science
260 _bGalgotia Publication Pvt Ltf
_c1992
300 _a92p
650 _aComputer
942 _cBK
999 _c8446
_d8446